000 00796nam a2200229 i 4500
001 11938
003 ES-MaACL
007 t|
008 970113s1995 sp ||||1| spa d
020 _a84-249-1673-5
080 _a398.21(460)
100 1 _aCamarena Laucirica, Julio.
_934001
245 1 0 _aCatálogo tipológico del cuento folklórico español
_b: cuentos maravillosos /
_cJulio Camarena, Maxime Chevalier.
260 _aMadrid :
_bGredos,
_cD.L. 1995.
300 _a794 p. ;
_c24 cm.
490 1 _aBiblioteca románica hispánica. IV. Textos ;
_v24
650 1 4 _aCuentos populares-
_zEspaña.
_911499
700 1 _aChevalier, Maxime.
_938419
830 0 _aBiblioteca románica hispánica. IV. Textos ;
_v24
_9178362
852 _aES-MaACL
_jG-4498
_bR.124746
999 _c11938
_d11938